1252 1325 1927 1095 1314 1898 1504 1459 1333 1564 1606 1616 1116 1618 1288 1791 1440 1785 1814 1552 1211 1283 1264 1804 1758 1477 1198 1956 1126 1607 1997 1955 1515 1805 1619 1456 1806 1546 1480 1667 1717 1602 1237 1229 1130 1777 1235 1565 1470 1077 1725 1921 1272 1601 1816 1991 1412 1447 1149 1012 1514 1406 1521 1498 1340 1080 1110 1596 1467 1135 1465 1816 1719 1526 1940 1147 1328 1202 1525 1840 1276 1930 1922 1769 1722 1671 1030 1064 1749 1617 1129 1142 1317 1306 1044 1707 1066 1708 1160 BCNSPRNW ULIB Ver.6.0+V

เปลี่ยนเป็นภาษาไทย

Change to English
 แสดงรายละเอียดบรรณานุกรม
  กลับหน้าหลัก

Brief Record : Get Marc (ISO 2709) : E-mail record : QR code < ปิดหน้าต่าง
LEADER : 00000nam 2200000uu 4500
001    13399124736
003     ULIB
008    160210s2558||||th 000 0 tha d
099    ^aวจ.WY156^bจ533ก
100 0  ^aจิราพร ศรีพิบูลย์บัติ
245 00 ^aการศึกษาลักษณะความเจ็บปวดของผู้ป่วยมะเร็ง โรงพยาบาลมะเร็งลพบุรี จังหวัดลพบุรี /^cจิราพร ศรีพิบูลย์บัติ และศรีสุดา งามขำ
260    ^aนครสวรรค์:^bวิทยาลัยพยาบาลบรมราชชนนี สวรรค์ประชารักษ์ นครสวรรค์,^c2558
650  0 ^aความเจ็บปวด^xวิจัย
650  0 ^aมะเร็ง^nความเจ็บปวด^xวิจัย
650  0 ^a^zโรงพยาบาลมะเร็งลพบุรี
700 0  ศรีสุดา งามขำ
945    ^p0^l0^i23269
945    ^p0^l0^i23276
999    ^aทศพร เกษรทอง
รายการนี้ยังไม่มีแท็ก
คุณยังไม่ได้ล็อกอิน คุณสามารถมีกิจกรรมร่วมกับเว็บไซต์ได้ แต่ต้องล็อกอินก่อน ::
  ล็อกอิน

รายการสื่อสารสนเทศ

ลำดับที่ ประเภท เลขเรียก/บาร์โค้ด สถานที่ สถานะ
1. งานวิจัย
งานวิจัย
วจ.WY156 จ533ก ฉ.1 
  Barcode: 23269
ห้องสมุดวิทยาเขตนครสวรรค์
►วิจัย:l:Research Room
บนชั้น
2. งานวิจัย
งานวิจัย
วจ.WY156 จ533ก ฉ.2 
  Barcode: 23276
ห้องสมุดวิทยาเขตนครสวรรค์
►วิจัย:l:Research Room
บนชั้น

รายการใกล้เคียง
    ผู้แต่ง [จิราพร ศรีพิบูลย์บัติ]

    หัวเรื่อง [โรงพยาบาลมะเร็งลพบุรี]

BibComment


ยังไม่เคยถูกคอมเมนท์

คอมเมนท์ทรัพยากรรายการนี้
  คอมเมนท์: การศึกษาลักษณะคว..


 Copyright 2026. Bcnsprnw @Library